000 00486nam a2200193Ia 4500
003 OSt
005 20221007083144.0
006 a|||||r|||| 00| 0
007 ta
008 221006b |||||||| |||| 00| 0 eng d
024 _a23,044
037 _cDissertations
040 _aFLL
_cFLL
_beng
041 _2eng
_aeng
100 _aSharma S.R.
245 0 _aConcept of social justice in the Indian constitution
942 _cDIS
_2CC
999 _c1169016
_d1169016